00633nam a2200169Ia 4500008004100000020001800041041000800059082001800067100003700085245009100122250000600213260003900219300001900258650003500277999001900312952013200331210716s2009 xx 000 0 und d a9788131714317 aeng a658.4038 LAUK aLaudon, Kenneth C;Laudon Jane P. aManagement information systems: managing the digital firm.bManaging the digital firm. a7 aNew DelhibPearson Educationc2009 axxvii,549/2003 aManagement Information Systems c198423d198423 00102ddc40738MBAaAIMITbAIMITd2004-11-30g350.00l0o658.4038 LAUKpMBA00988r2025-07-21 00:00:00v350.00w2021-07-16yBK